000 00980 a2200313 4500
005 20250813101931.0
008 250813b |||||||| |||| 00| 0 eng d
022 _a19960824
041 _aFr
044 _aCIV
090 _bDG/A/1644
100 _aBOGUINARD, Sahin Honorine Brigitte Guiraud
100 _a TAHI, Gnion Mathias
100 _a ASSI, Evelyne Maryse
100 _aCOULIBALY, Klotioloma
100 _a TREBISSOU, Inago Caudou
110 _aCentre National de Recherche Agronomique
110 _bCote d'Ivoire
245 _aAssessment of different cutting methods on the growth and developpment
_b of pepper (piper nigrum) in the nursery
260 _aAfrican Journal of Plant Science
260 _cAout 2025
302 _a p.73-80
388 _a2025-08-13
650 _2AGROVOC
_gCote d'Ivoire
650 _gBouture
650 _gpoivre
650 _gamelioration
856 _uhttps://ftech.byethost7.com/wp-content/uploads/2025/08/DGA1644.pdf
999 _c5961
_d5961